5HLuxD.jpg

KING HENRY VIII SENIOR AND PRIMARY SCHOOL LIBRARY OPAC

Blitzed Brits / (Record no. 4622)

000 -LEADER
fixed length control field 00515cam a2200169 a 4500
008 - FIXED-LENGTH DATA ELEMENTS--GENERAL INFORMATION
fixed length control field 070522r20071994enka j 000 0 eng
020 ## - INTERNATIONAL STANDARD BOOK NUMBER
International Standard Book Number 9781407103433 (pbk.)
020 ## - INTERNATIONAL STANDARD BOOK NUMBER
International Standard Book Number 1407103431 (pbk.)
082 ## - DEWEY DECIMAL CLASSIFICATION NUMBER
Classification number 940.53 DEA
100 1# - MAIN ENTRY--PERSONAL NAME
Personal name Deary, Terry.
245 10 - TITLE STATEMENT
Title Blitzed Brits /
Statement of responsibility, etc. Terry Deary ; illustrated by Martin Brown & Kate Sheppard.
250 ## - EDITION STATEMENT
Edition statement New ed.
260 ## - PUBLICATION, DISTRIBUTION, ETC.
Place of publication, distribution, etc. London :
Name of publisher, distributor, etc. Scholastic,
Date of publication, distribution, etc. 2007.
300 ## - PHYSICAL DESCRIPTION
Extent 140 p. :
Other physical details ill. ;
Dimensions 20 cm.
500 ## - GENERAL NOTE
General note Originally published: London: Hippo, 1994.
942 ## - ADDED ENTRY ELEMENTS (KOHA)
Source of classification or shelving scheme
Holdings
Withdrawn status Lost status Source of classification or shelving scheme Damaged status Not for loan Collection code Permanent Location Current Location Shelving location Date acquired Full call number Barcode Date last seen Price effective from Koha item type Public note
          Non-Fiction KH8 Primary School Library KH8 Primary School Library Non Fiction 2025-03-06 940.53 DEA KHPL000006439 2025-12-05 2025-03-06 Books - Non Ficton KH8 PRIMARY LIBRARY

Powered By KH8 IT Dept